00513nam a2200085Ia 4500008004100000245004400041300026100085650001600346856006500362170517s9999 xx 000 0 und d aFix It: Healthcare at the Tipping Point aThe average American family of four incurs an annual healthcare insurance tab of 23,000. In many cases, this astronomical sum doesn't afford them nearly enough coverage for emergency medical care. That's just one of the startling realities presented in... xTechnology. uhttp://topdocumentaryfilms.com/fix-healthcare-tipping-point/